Normal view
MARC view
- Duda, Richard O.
Entry Personal Name
001 - CONTROL NUMBER
- control field: 101319
003 - CONTROL NUMBER IDENTIFIER
- control field: NUST
005 - DATE AND TIME OF LATEST TRANSACTION
- control field: 20221024182009.0
008 - FIXED-LENGTH DATA ELEMENTS
- fixed length control field: 221024|| aca||aabn | a|a d
040 ## - CATALOGING SOURCE
- Original cataloging agency: NUST
- Transcribing agency: NUST
100 ## - HEADING--PERSONAL NAME
- Personal name: Duda, Richard O.
- Title of a work: Pattern classification.
- Version: 2nd ed
670 ## - SOURCE DATA FOUND
- Source citation: Work cat.: (NUST)0: Stork, David G. 77751, Computer manual in MATLAB to accompany Pattern classification, second edition /, c2004.
